| 000 | 00710nam a2200229Ia 4500 | ||
|---|---|---|---|
| 005 | 20231129091128.0 | ||
| 008 | 131103s9999 xx 000 0 und d | ||
| 020 |
_a8126114622 _cRs 1800 |
||
| 040 | _aLoreto College | ||
| 041 | _aEnglish | ||
| 082 |
_a396 _bPAN |
||
| 245 |
_aGender Equality, Development and Women Empowerment _c Editor-in-Chief : A.K.Pandey |
||
| 260 |
_aNew Delhi _bInstitute of Sustainable development, Lucknow and Anmol Publications Pvt. Ltd. _c2003 |
||
| 300 | _ax,323p | ||
| 504 | _aIncludes bibliography and index | ||
| 630 | _aGender Studies | ||
| 650 | _aFeminism | ||
| 651 | _aWomen Studies | ||
| 700 | _aPandey, A.K., Editor-in-Chief | ||
| 850 | _aLCLIB | ||
| 942 | _cBK | ||
| 999 |
_c5867 _d56346 |
||